Ślaski przeglad statystyczny
Enregistré dans:
| Format: | Publication en série |
|---|---|
| Langue: | polonais |
| Publié: |
Wroclaw
Uniwersytet Ekonomiczny we Wrocławiu
2012
|
| Sujets: | |
| Tags: |
Pas de tags, Soyez le premier à ajouter un tag!
|
MARC
| LEADER | 00000nas2a2200000 4500 | ||
|---|---|---|---|
| 001 | 0228391 | ||
| 005 | 20170315111706.9 | ||
| 022 | |a 1644-6739 | ||
| 041 | 0 | |a pol | |
| 044 | |a PL | ||
| 245 | 1 | 0 | |a Ślaski przeglad statystyczny |
| 264 | 1 | |a Wroclaw |b Uniwersytet Ekonomiczny we Wrocławiu |c 2012 | |
| 773 | 0 | |w eu_un_cat*0013655 | |
| 610 | 2 | 0 | |a štatistika |
| 610 | 2 | 0 | |a štatistika regionálna |
| 610 | 2 | 0 | |a Poľsko |